000 00251nam a2200097Ia 4500
001 650004
005 20250826154351.0
008 250824s9999 xx 000 0 und d
245 0 _aRuby Rogers Bu Dünyada Fazlalık mıyım?
_cSue Limb
260 _bALTIN
999 _c650004
_d650004